Anatomie d'un fleuve # la Loire - Statistiques

Statistiques générales
  • Ce quiz a été pris 114 fois
  • Le résultat moyen est 15 sur 25
Statistiques - réponses
Question Réponse % Correct
Nombre de départements dont le nom comporte le mot "Loire" 6
94%
Ville des bords de Loire délivrée par Jeanne d'Arc Orléans
94%
Ville dans laquelle de célèbres Machines occupent une île de la Loire Nantes
83%
Etendue d'eau où se jette finalement la Loire Océan Atlantique
83%
Ville industrielle proche de l'embouchure de la Loire Saint-Nazaire
82%
Affluent majeur de la rive gauche, qui arrose notamment Vichy Allier
80%
Saumur, Vouvray, Chinon, ... qu'évoquent ces appellations ? Vignobles
80%
Types d'industrie qu'on trouve à son embouchure Chantiers {navals}
78%
Célébrissime artiste mort à Amboise en 1519 Léonard de Vinci
75%
Nom du massif où elle naît Massif Central
75%
La Loire prend sa source au Mont-Gerbier de Jonc. Dans quel département ? Ardèche
71%
Préfecture en bord de Loire dans un département dont le nom ne comporte pas le mot "Loire" Nevers | Blois
69%
Type d'embouchure de la Loire Estuaire
56%
Ville célèbre par sa Tapisserie de l'Apocalypse Angers
55%
Adjectif signifiant "relatif à la Loire" Ligérien
54%
Ville qui est le siège d'une Ecole de cavalerie renommée Saumur
53%
Ecrivain né dans cette même ville et dont s'inspirent certaines de ces Machines Jules Verne
51%
Type d'habitations souvent associées à ce fleuve Châteaux
43%
Citez une centrale nucléaire établie en bord de Loire Chinon | Dampierre | Saint Laurent des Eaux
40%
Ce poète préférait les paysages du Val de Loire à ceux de Rome Joachim du Bellay
35%
Calcaire tendre et blanc utilisé pour les bâtiments du Val de Loire Tuffeau
28%
Zone marécageuse située sur la rive nord de la Loire à la fin de son parcours Parc naturel régional de {Brière}
27%
Ancienne province française surnommée "le jardin de la France" Touraine
27%
Type de sol fréquent dans la Loire et responsable de bien des noyades Sables mouvants
24%
Citez un affluent de la Loire long de plus de 100 km et dont le nom n'apparaît dans aucun nom de département Le Thouet | L'Arroux | le Beuvron | la Besbre | l'Aron
17%
Aucun quiz correspondant
Distribution des résultats
% des personnes avec chaque résultat
Percentile par nombre de réponses
Votre historique - résultats
Vous n’avez pas pris ce quiz